[Event "Vilafranca del Penedes op 4th"]
[Site "Vilafranca del Penedes"]
[Date "2010.04.30"]
[Round "3.5"]
[White "Baiges Navarro, Albert"]
[Black "Navarro Pujol, Josep Lluis"]
[Result "1-0"]
[WhiteElo "2115"]
[BlackElo "1973"]
[PlyCount "97"]
[EventDate "2010.04.16"]
[EventType "swiss"]
[EventRounds "8"]
[EventCountry "ESP"]
[SourceTitle "EXT 2024"]
[Source "ChessBase"]
[SourceDate "2023.10.10"]
[SourceVersion "1"]
[SourceVersionDate "2023.10.10"]
[SourceQuality "1"]

1. d4 d5 2. c4 Nf6 3. cxd5 Nxd5 4. Nf3 Bf5 5. Qb3 Nb6 6. Nc3 e6 7. e4 Bg6 8. Be2 Be7 9. 0-0 0-0 10. Rd1 Nc6 11. Be3 a6 12. Ne5 Qe8 13. Nxc6 Qxc6 14. Rac1 Qd6 15. a3 Nd7 16. Bf3 Qb6 17. Qc2 Qa5 18. Bd2 c6 19. Nd5 Qd8 20. Nxe7+ Qxe7 21. Bb4 c5 22. Bxc5 Nxc5 23. Qxc5 Qd7 24. Qb6 Rac8 25. e5 Rxc1 26. Rxc1 Rc8 27. Rxc8+ Qxc8 28. Qc5 Qd7 29. g3 h6 30. Qb6 Qc8 31. Qxb7 Qc1+ 32. Kg2 Qc2 33. h3 Bd3 34. Qb6 Qb1 35. d5 Bf1+ 36. Kh2 exd5 37. Qd8+ Kh7 38. Qxd5 Bd3 39. Qxf7 Qxb2 40. Bd5 Qxe5 41. h4 Qb8 42. h5 Bb1 43. f4 Qb2+ 44. Kh3 Qb8 45. f5 Qc8 46. Be6 Qd8 47. f6 Qh8 48. Qe7 Bc2 49. f7 1-0